000 00305nam a22001337a 4500
008 180125b xxu||||| |||| 00| 0 eng d
020 _a9780205865802
041 _aeng
080 _a32
100 _a19
101 _aPOL
245 _aAmerican government roots and reform
_cO'connor,K
942 _2udc
_cBK
999 _c40928
_d40928